000 00326pab a2200145 454500
008 180718b1999 xxu||||| |||| 00| 0 eng d
100 _aBhavani, K.N.
245 _aEvaluation of cost of nutrients
260 _c1999
300 _ap.32-33
362 _aJan
650 _aNutrients
773 _aKurukshetra
909 _a39833
999 _c39833
_d39833